LIBRARY ONLINE CATALOGUE

Social policy in the Middle East : (Record no. 7447)

MARC details
000 -LEADER
fixed length control field 00829nam a22002292 4500
001 - CONTROL NUMBER
control field 0000007200
005 - DATE AND TIME OF LATEST TRANSACTION
control field 20151217152026.0
008 - FIXED-LENGTH DATA ELEMENTS--GENERAL INFORMATION
fixed length control field 071128s xx 000 0 eng d
020 ## - INTERNATIONAL STANDARD BOOK NUMBER
International Standard Book Number 1403941653 :
Terms of availability KES 6525
040 ## - CATALOGING SOURCE
Original cataloging agency KABU
Transcribing agency KABU
245 10 - TITLE STATEMENT
Title Social policy in the Middle East :
Remainder of title economic, political, and gender dynamics /
Statement of responsibility, etc. ed. by Massoud Karshenas and Valentine M. Moghadam.
260 ## - PUBLICATION, DISTRIBUTION, ETC. (IMPRINT)
Place of publication, distribution, etc. Basingstoke, England :
Name of publisher, distributor, etc. Palgrave Macmillan,
Date of publication, distribution, etc. 2006.
300 ## - PHYSICAL DESCRIPTION
Extent xi, 263 p.
650 #0 - SUBJECT ADDED ENTRY--TOPICAL TERM
Topical term or geographic name as entry element Mddle East
Topical term following geographic name as entry element Social policy.
-- 0000158315
650 #0 - SUBJECT ADDED ENTRY--TOPICAL TERM
Topical term or geographic name as entry element Middle East
Topical term following geographic name as entry element Economic policy.
-- 0000158316
650 #0 - SUBJECT ADDED ENTRY--TOPICAL TERM
Topical term or geographic name as entry element Sex role
Geographic subdivision Middle East.
-- 0000158317
700 1# - ADDED ENTRY--PERSONAL NAME
Personal name Karshenas, Massoud.
-- 0000158318
700 1# - ADDED ENTRY--PERSONAL NAME
Personal name Moghadam, Valentine M.
-- 0000158319
908 ## - PUT COMMAND PARAMETER (RLIN)
Put command parameter 071128
950 ## - LOCAL HOLDINGS (RLIN)
-- 1
Holdings
Withdrawn status Lost status Source of classification or shelving scheme Not for loan Home library Current library Date acquired Total Checkouts Full call number Barcode Date last seen Price effective from Koha item type
    Library of Congress Classification   Kabarak, Main Campus Kabarak, Main Campus 17/12/2015   HN556 .A8S63 011350 17/12/2015 17/12/2015 General Collection